000 00762nam a2200229Ia 4500
003 OSt
005 20220926022009.0
006 a|||||r|||| 00| 0
007 ta
008 220923b |||||||| |||| 00| 0 eng d
037 _cGeneral Book
040 _aRTL
_cRTL
_beng
041 _2eng
_aeng
082 _aX724:3.1N45.N77s, L7/UN
110 _aUNITED NATIONS, ECONOMIC AND SOCIAL
_9326930
245 0 _aProvisional guidelines on statistics of the distribution of income, consumption and accumulation of households
260 _aNew York
_bUnited Nations
_c1977
300 _ax,97p.
_ccm.
700 _aUNITED NATIONS, ECONOMIC AND SOCIAL
_9326931
942 _hX724:3.1N45.N77s, L7/UN
_cGB
_2CC
999 _c638216
_d638216